00410 a2200133 4500020001800000050001900018100002000037245006000057264003200117300002300149500001900172650003600191650004900227 a9780582603882 aGB 23 BUN 1984 a Bunnett, R. B. aPhysical Geography in Diagrams for Africa/cR B Bunnett aHarlow :b Longman, c1984. a220 pages :b ill. aincludes index aPhysical geography xTextbooks  aPhysical geography x For African students.